Tribhuvan University Central Library

नेपाली काँग्रेस र विमान अपहरण (Record no. 113412)

MARC details
000 -LEADER
fixed length control field 00563nam a22001697a 4500
008 - FIXED-LENGTH DATA ELEMENTS--GENERAL INFORMATION
fixed length control field 240526b |||||||| |||| 00| 0 eng d
020 ## - INTERNATIONAL STANDARD BOOK NUMBER
International Standard Book Number 9789937025072
082 ## - DEWEY DECIMAL CLASSIFICATION NUMBER
Classification number N321.094/G483n
100 ## - MAIN ENTRY--PERSONAL NAME
Personal name Gautam, Badri Narayan
241 ## - ROMANIZED TITLE (BK AM CF MP MU VM)
Romanized title Nepali congress ra biman apaharan
245 ## - TITLE STATEMENT
Title नेपाली काँग्रेस र विमान अपहरण
260 ## - PUBLICATION, DISTRIBUTION, ETC.
Place of publication, distribution, etc. Tribhuwan University:
Name of publisher, distributor, etc. Nepal ra Asialayi Anusandhan kendra,
Date of publication, distribution, etc. 2074BS.
300 ## - PHYSICAL DESCRIPTION
Other physical details 180p.
504 ## - BIBLIOGRAPHY, ETC. NOTE
Bibliography, etc. note Includes bibliography
650 ## - SUBJECT ADDED ENTRY--TOPICAL TERM
Topical term or geographic name entry element Political revolution
942 ## - ADDED ENTRY ELEMENTS (KOHA)
Source of classification or shelving scheme Dewey Decimal Classification
Koha item type ISBN
Holdings
Withdrawn status Lost status Source of classification or shelving scheme Damaged status Not for loan Home library Current library Date acquired Total Checkouts Full call number Barcode Date last seen Price effective from Koha item type
    Dewey Decimal Classification     Tribhuvan University Central Library Tribhuvan University Central Library 05/26/2024   N321.094/G483n IS21698 05/26/2024 05/26/2024 ISBN
    Dewey Decimal Classification     Tribhuvan University Central Library Tribhuvan University Central Library 05/26/2024   N321.094/G483n IS21699 05/26/2024 05/26/2024 ISBN